000 01507nam a22003977a 4500
003 CHAP
005 20220817042148.0
008 971013s1976 r 00010 d
010 _a36410
011 _a37382
035 _a41502
040 _cCHAP
082 _a631.4
_bM44j
110 _aMéxico (Edo.). Coordinación de Promoción Agroindustrial
_976848
245 _aEstudio agrológico detallado de la primera unidad del proyecto de riego río Tomatlán, Jal.
260 _aMéxico, D.F. :
_bLa Dirección,
_c1976
300 _a143 p.
_b: apénd. : ilus
490 _aSerie estudios. Publicación
_v; 9
590 _aBATCH-UPD
_b10
_c20130110
_lUCH01
_h0030
590 _aBATCH-UPD
_b10
_c20130110
_lUCH01
_h1841
590 _aBATCH-UPD
_b10
_c20130409
_lUCH01
_h2012
590 _aBATCH-UPD
_b10
_c20130410
_lUCH01
_h1212
590 _aBATCH-UPD
_b10
_c20130914
_lUCH01
_h0731
590 _aCONVERSION
_b10
_c20130109
_lUCH01
_h1320
650 1 4 _aAgricultura
_xJalisco.
_91714
650 1 4 _aBotánica
_xJalisco.
_914578
650 1 4 _aJalisco
_xCondiciones económicas.
_960958
650 1 4 _aJalisco
_xCondiciones sociales.
_960960
650 1 4 _aSuelos
_xJalisco.
_9110413
830 0 _aSerie Estudios. Publicación
_v; 9
901 _aBK
942 _cLIBRO
949 _a631.4 M44j
_bBC
_cLIBRO
_d33724000062501
_eLIBRO
_fc.2
_h47411
_i41502
_mD
_si
949 _a631.4 M44j
_bBC
_cLIBRO
_d33724000062592
_eLIBRO
_h43630
_i41502
_mD
_si
949 _a631.4 M44j
_bBC
_cLIBRO
_d33724000062600
_eLIBRO
_fc.3
_h3266
_i41502
_mD
_si
999 _c36410
_d36410